000 00738cam a2200205 a 4500
001 000007613
005 20250217111403.0
008 720405s1930 nyuc b 001 0aeng
040 _aDO-SdBNP
_bspa
_cBNPHU
082 _a923.254
_bG195
100 1 _aGandhi,
_cMahatma,
_d1869-1948
_921118
245 1 0 _aMahatma Gandhi his own story /
_cedición C.F. Andrews ; introducción John Haynes Holmes.
260 _aNew York, :
_bThe Macmillan Company,
_c1930.
300 _a372 p. :
_bretrs. ;
_c21 cm.
504 _aBibliografía: p. 367-368.
600 1 0 _aGandhi,
_cMahatma,
_d1869-1948
_921118
700 1 _aAndrews, C. F.
_q(Charles Freer),
_d1871-1940
_eed.
_921120
700 1 _aHynes Holmes, John,
_eintrod.
_921121
910 _aEn proceso
999 _c7393
_d7393